000 00902nam a2200265Ia 4500
003 OSt
005 20221005104925.0
006 a|||||r|||| 00| 0
007 ta
008 221004b |||||||| |||| 00| 0 hin d
020 _a8185999694 (hbk)
_c250
024 _a86732
037 _b156, 28/03/2007, Swaraj Book Distributor
_cTextual
040 _aCRL
_cCRL
_bhin
041 _2hin
_ahin
082 _aO11195v, 152P3
100 _aतिवारी, अजय
245 0 _aपश्चिम का काव्य विचार
246 _aPashchim kā kāvya vichāra
260 _aदिल्ली
_bस्वराज
_c2003
300 _a168पृ0
_ccm.
650 _aहिन्दी साहित्य
942 _hO11195v, 152P3
_cTEXL
_2cc
999 _c1014207
_d1014207